000 01862cam a22003494a 4500
001 16924590
003 OSt
005 20150408114204.0
008 110817s2012 ne a 001 0 eng
010 _a 2011029908
020 _a9781597496476 (pbk.)
020 _a1597496472 (pbk.)
035 _a(OCoLC)ocn713189632
040 _aDLC
_cDLC
_dYDX
_dBTCTA
_dYDXCP
_dBWX
_dCDX
_dDLC
042 _apcc
050 0 0 _aQA76.585
_b.L38 2012
082 0 0 _a004.6782
_223
_bLTM
100 1 _aLaszewski, Tom.
_942249
245 1 0 _aMigrating to the cloud :
_bOracle client/server modernization /
_cTom Laszewski, Prakash Nauduri ; technical editor, ward Spangenberg.
260 _aAmsterdam ;
_aBoston :
_bElsevier/Syngress,
_cc2012.
300 _axxiv, 369 p. :
_bill. ;
_c24 cm.
500 _aIncludes index.
505 0 _aMigrating to the cloud : client/server migrations to the Oracle cloud -- Identifying the level of effort and cost -- Methodology and design -- Relational migration tools -- Database schema and data migration -- Database stored object migration -- Application migration/porting due to database migration -- Migrating applications to the cloud -- Service enablement of client/server applications -- Oracle database cloud infrastructure planning and implementation -- Sybase migrations from a systems integrator perspective, and case study -- Application migration : Oracle forms to Oracle application development -- Application migration : Powerbuilder to Oracle Apex.
630 0 0 _aOracle (Computer file)
_94814
650 0 _aCloud computing.
650 0 _aSystems migration.
_942250
650 0 _aClient/server computing.
700 1 _aNauduri, Prakash.
_942251
906 _a7
_bcbc
_corignew
_d1
_eecip
_f20
_gy-gencatlg
942 _2ddc
_cDVD
999 _c33208
_d267708